00561nam a22001577a 450000500170000001000150001702000260003203500140005803700090007208200110008110000150009224500920010726000580019927001270025730000190038420220203123102.0 aENG-131380 a9789354498299c500.00 aEN-114912 bDBAD a954.01 aJha, Ajeet aA History of Ancient India:bFor UPSC and State Civil Services Examinations/cAjeet Jha aUttar PradeshbPearson India Education Servicesc2022 a15th Flooor, Tower-B, World Trade Tower, Plot No. 1, Block-C, Sector-16bNoidae201301mcompanysecretary.india@pearson.com avp.c25cm(pbk)